Profile of America: an autobiography of the U. S. A

Saved in:
Bibliografiske detaljer
Main Authors: Davie, Emily (Author), Lindbergh, Charles A (Author), Bromfield, Louis (Author), Holme, Bryan (Author)
Format: Bog
Sprog:engelsk
Udgivet: Nueva York Thomas Y. Crowell 1954
Fag:
Tags: Tilføj Tag
Ingen Tags, Vær først til at tagge denne postø!

MARC

LEADER 00000nam a2200000 a 4500
001 UCO1082
003 CL-VaPUC
008 000505e19540000US |||||||||||||||||eng|d
082 0 4 |a 973  |b DAV  |2 21 
100 0 |a Davie, Emily  |e author  |9 442880 
700 0 |a Lindbergh, Charles A  |e author  |9 442881 
700 0 |a Bromfield, Louis  |e author  |9 442882 
700 |a Holme, Bryan  |e author  |9 442883 
245 1 0 |a Profile of America: an autobiography of the U. S. A 
300 |a 415 p 
942 |c BK 
945 |d 20000505 00:00:00  |a crobeson 
260 |a Nueva York  |b Thomas Y. Crowell  |c 1954 
650 7 |a HISTORIA ESTADOUNIDENSE  |2 CL-VaPUC  |9 350346 
650 7 |a DESCUBRIMIENTO Y EXPLORACINOES  |2 CL-VaPUC  |9 442884 
650 7 |a ESTRUCTURA ADMINISTRATIVA  |2 CL-VaPUC  |9 268757 
650 0 |a Conflictos sociales   |9 372024 
650 7 |a DESARROLLO AGRICOLA  |2 CL-VaPUC  |9 259759 
650 0 |a Conflictos bélicos  |9 382203 
650 0 |a Educación  |9 258661 
651 0 |a Estados Unidos  |9 255178 
583 |a last modification  |c 20000505 00:00:00  |k Rodrigo Vera 
999 |c 287715  |d 287713 
952 |0 0  |1 0  |4 0  |6 973_000000000000000_DAV_1954  |7 0  |8 A  |9 334680  |a BIBHIS  |b BIBHIS  |d 2019-11-20  |i 1273612  |o 973 DAV 1954  |p 1273612  |r 2025-01-20  |w 2019-11-20  |y BK  |k HIS